| 000 | 01025na a2200313 4500 | ||
|---|---|---|---|
| 001 | 13468 | ||
| 003 | MIRAKIL | ||
| 005 | 20181213155305.0 | ||
| 008 | 160908b tu 000 0 | ||
| 020 | _a9753330766 | ||
| 035 | _a13468 | ||
| 040 |
_aMilas _btur _cTR-AnCHP |
||
| 082 |
_a305.8 _bT96 1999 |
||
| 090 | _a305.8 T96 1999 | ||
| 245 |
_aTürkiye'de modernleşme ve ulusal kimlik _cEd. Sibel Bozdoğan, Reşat Kasaba; çev.Nurettin Elhüseyni |
||
| 260 |
_aİstanbul _bTarih Vakfı Yurt Yayınları _c1999 |
||
| 300 |
_a223 s. _bres. _c21 sm. |
||
| 490 |
_aTarih Vakfı Yurt yayınları _v55 |
||
| 500 | _aÖzgün yapıt adı : Rethinking modernity and national identity in Turkey | ||
| 504 | _a2. bs. | ||
| 650 |
_aUlusalcılık _zTürkiye |
||
| 650 |
_aTürkler _xEtnik kimlik |
||
| 651 |
_aTürkiye _xToplumsal değişim _y20. yüzyıl |
||
| 651 |
_aTürkiye _xUygarlık _y20. yüzyıl |
||
| 700 | _aKasaba, Reşat | ||
| 700 | _aElhüseyni, Nurettin | ||
| 700 | _aBozdoğan, Sibel | ||
| 942 |
_2dcc _cBKS |
||
| 999 |
_c10042 _d10042 |
||